| 000 | 00831cab a2200241 4500 | ||
|---|---|---|---|
| 001 | ABS46732 | ||
| 008 | 090401t1992 xxu||||| |||| 00| 0 eng d | ||
| 035 | _a(Sirsi) u59381 | ||
| 041 | _aeng | ||
| 100 | _aWainwright, G. | ||
| 245 | _aArchaeology and planning | ||
| 260 | _c1992 | ||
| 350 | _a0 | ||
| 490 |
_aConservation Bulletin _v(17) June 1992, 23-25(3) |
||
| 520 | _aReviews two publications relating to the relationship between archaeology and planning, Planning Policy Guidance Note 16 "Archaeology and Planning" and the revision of the "European Convention on the Protection of the Archaeological Heritage". | ||
| 650 | _aANCIENT MONUMENTS | ||
| 650 | _aARCHAEOLOGICAL SITES | ||
| 650 | _aPLANNING POLICY GUIDANCE NOTE 16 | ||
| 650 | _aPPG16 | ||
| 690 | _aCONSERVATION | ||
| 942 | _n0 | ||
| 948 | _c04/03/1997 | ||
| 999 |
_c36437 _d36437 |
||